NFL Teams With Most Followers on Instagram - Statistics

General Stats
  • This quiz has been taken 60 times
    17 since last reset
  • The average score is 9 of 10
Answer Stats
Number of Followers NFL Team % Correct
5.4M New England Patriots
100%
2.9M New York Giants
100%
4.0M San Francisco 49ers
100%
4.4M Kansas City Chiefs
93%
4.9M Philadelphia Eagles
93%
5.0M Dallas Cowboys
86%
2.9M Green Bay Packers
86%
3.9M Pittsburgh Steelers
86%
3.7M Seattle Seahawks
86%
2.5M Buffalo Bills
64%
No matching quizzes found
Score Distribution
Percent of People with Each Score
Percentile by Number Answered
Your Score History
You have not taken this quiz since the last reset